Edmond et Jules de Goncourt, Correspondance générale. Tome 1 (1843-1862). Édition établie, présentée et annotée par Pierre-Jean DUFIEF. Paris, Champion, coll. « Bibliothèque des correspondances, 6 », 2004. Un vol. 15,5 × 22,5 de 709 p. (notice n° 1653967)
[ vue normale ]
| 000 -LEADER | |
|---|---|
| fixed length control field | 00719cam a2200145 4500500 |
| 005 - DATE AND TIME OF LATEST TRANSACTION | |
| control field | 20260208005827.0 |
| 041 ## - LANGUAGE CODE | |
| Language code of text/sound track or separate title | fre |
| 042 ## - AUTHENTICATION CODE | |
| Authentication code | dc |
| 100 10 - MAIN ENTRY--PERSONAL NAME | |
| Personal name | Pety, Dominique |
| Relator term | author |
| 245 00 - TITLE STATEMENT | |
| Title | Edmond et Jules de Goncourt, Correspondance générale. Tome 1 (1843-1862). Édition établie, présentée et annotée par Pierre-Jean DUFIEF. Paris, Champion, coll. « Bibliothèque des correspondances, 6 », 2004. Un vol. 15,5 × 22,5 de 709 p. |
| 260 ## - PUBLICATION, DISTRIBUTION, ETC. | |
| Date of publication, distribution, etc. | 2005.<br/> |
| 500 ## - GENERAL NOTE | |
| General note | 7 |
| 786 0# - DATA SOURCE ENTRY | |
| Note | Revue d'histoire littéraire de la France | 105 | 3 | 2005-06-01 | p. 655zf-764zf | 0035-2411 |
| 856 41 - ELECTRONIC LOCATION AND ACCESS | |
| Uniform Resource Identifier | <a href="https://shs.cairn.info/revue-d-histoire-litteraire-de-la-france-2005-3-page-655zf?lang=fr&redirect-ssocas=7080">https://shs.cairn.info/revue-d-histoire-litteraire-de-la-france-2005-3-page-655zf?lang=fr&redirect-ssocas=7080</a> |
Pas d'exemplaire disponible.




Réseaux sociaux